000 00351nam a22001577a 4500
003 SGT
020 _a978-81-312-4916-1
082 _a612.015
_bM19P
100 _aPURI, DINESH
245 _aTB. OF MEDICAL BIOCHEMISTRY
250 _a4TH
260 _aINDIA
_bELSEVIER PUB
_c2019
300 _a682
650 _aBIOCHEMISTRY
942 _2ddc
_cBK
_024
999 _c18765
_d18765